<?xml version="1.0" encoding="UTF-8"?>
<marc:record xmlns:marc="http://www.loc.gov/MARC21/slim">
   <marc:leader>00000nam a2200000 a 4500</marc:leader>
   <marc:datafield ind1="1" ind2=" " tag="100">
      <marc:subfield code="a">Sánchez Vegara, María Isabel</marc:subfield>
      <marc:subfield code="4">aut</marc:subfield>
      <marc:subfield code="e">Verfasser/-in</marc:subfield>
   </marc:datafield>
   <marc:datafield ind1="0" ind2="0" tag="245">
      <marc:subfield code="a">Pablo Picasso</marc:subfield>
   </marc:datafield>
   <marc:datafield ind1=" " ind2="1" tag="264">
      <marc:subfield code="b">Insel Verlag</marc:subfield>
      <marc:subfield code="c">2022</marc:subfield>
   </marc:datafield>
   <marc:datafield ind1="1" ind2=" " tag="490">
      <marc:subfield code="a">Little People, Big dreams</marc:subfield>
   </marc:datafield>
   <marc:datafield ind1="1" ind2=" " tag="520">
      <marc:subfield code="a">"Das erste Wort, das der kleine Pablo sprach, war angeblich nicht »Mama«, sondern »piz«, die Abkürzung für »lápiz«, der Malstift. Sein Vater brachte ihm Malen und Zeichnen bei, und schon als Zehnjähriger wurde er an einer Kunstschule aufgenommen. Im Lauf seines Lebens hat sich seine Kunst und sein Stil immer wieder verändert, von der »Blauen Periode« bis zur »surrealistischen Phase«. Der Maler und Bildhauer wurde zum einflussreichsten Künstler des 20. Jahrhunderts." (www.buchhandel.de)</marc:subfield>
   </marc:datafield>
   <marc:datafield ind1=" " ind2=" " tag="020">
      <marc:subfield code="a">9783458179887</marc:subfield>
      <marc:subfield code="9">9783458179887</marc:subfield>
   </marc:datafield>
</marc:record>
